Rubber industry companion 1995 : Produce,products,supplies and services (Record no. 40873)

MARC details
000 -LEADER
fixed length control field 00428nam a2200145Ia 4500
082 ## - DEWEY DECIMAL CLASSIFICATION NUMBER
Classification number NR:058:338.31995
Item number KUR
245 #0 - TITLE STATEMENT
Title Rubber industry companion 1995 : Produce,products,supplies and services
250 ## - EDITION STATEMENT
Edition statement Ed.2
260 ## - PUBLICATION, DISTRIBUTION, ETC. (IMPRINT)
Place of publication Kottayam
Name of publisher Philips Publishers
Year of publication 1995
650 ## - SUBJECT ADDED ENTRY--TOPICAL TERM
Topical Term Rubber goods industry
650 ## - SUBJECT ADDED ENTRY--TOPICAL TERM
Topical Term Rubber plantation
700 ## - ADDED ENTRY--PERSONAL NAME
Personal name Kuryan, Kuryan
942 ## - ADDED ENTRY ELEMENTS (KOHA)
Koha item type Books
Holdings
Withdrawn status Lost status Damaged status Not for loan Home library Current library Date acquired Cost, normal purchase price Full call number Accession Number Koha item type
        RRII Library RRII Library 16/12/2021 350.00 NR:058:338.31995 KUR 21167 Books